Top 15 Most Sold Nintendo Wii Games - Statistics

General Stats
  • This quiz has been taken 953 times
  • The average score is 7 of 15
Answer Stats
Rank Game % Correct
1 Wii Sports
92%
2 Mario Kart Wii
73%
3 Wii Sports Resort
65%
9 Super Mario Galaxy
64%
13 Super Mario Galaxy 2
55%
8 Super Smash Bros. Brawl
55%
6 Wii Fit
53%
5 New Super Mario Bros Wii
51%
4 Wii Play
50%
11 Mario Party 8
35%
14 The Legend of Zelda: Twilight Princess
27%
10 Wii Party
27%
7 Wii Fit Plus
21%
15 Just Dance 2
14%
12 Mario and Sonic at The Olympic Games
11%
No matching quizzes found
Score Distribution
Percent of People with Each Score
Percentile by Number Answered
Your Score History
You have not taken this quiz